Normal view MARC view

Entry Términos de género/forma

Number of records used in: 21

001 - NÚMERO DE CONTROL

  • campo de control: 226784

003 - IDENTIFICADOR DE NÚMERO DE CONTROL

  • campo de control: SpMaBN

005 - FECHA Y HORA DE LA ÚLTIMA TRANSACCIÓN

  • campo de control: 20230623135931.0

008 - ELEMENTOS DE DATO DE LONGITUD-FIJA

  • campo de control de longitud fija: 160322 n azznnbabn a ana

024 7# - IDENTIFICADOR DE OTROS ESTÁNDARES

  • Número estándar o código: http://id.loc.gov/authorities/genreForms/gf2014026571
  • Fuente: lcgft

024 7# - IDENTIFICADOR DE OTROS ESTÁNDARES

  • Número estándar o código: http://vocab.getty.edu/aat/300252916
  • Fuente: aat

024 7# - IDENTIFICADOR DE OTROS ESTÁNDARES

  • Número estándar o código: https://data.bnf.fr/ark:/12148/cb12453017m
  • Fuente: rameau

040 ## - FUENTE DE CATALOGACIÓN

  • Centro catalogador/agencia de origen: SpMaBN
  • Lengua de catalogación: spa
  • Centro/agencia transcriptor: SpMaBN
  • Normas de descripción: rdc
  • Convención/Normas de encabezamiento de materia/tesauro: tgfbne
  • Centro/agencia modificador: ES-MaACL

155 ## - ENCABEZAMIENTO--TÉRMINO DE GÉNERO/FORMA

  • Término de género/forma: Novelas negras

455 ## - TRAZADO DE VÉASE--TÉRMINO GÉNERO/FORMA

  • Término de género/forma: Novela negra

555 ## - TRAZADO DE VÉASE ADEMÁS--TÉRMINO GÉNERO/FORMA

  • Subcampo de control: g
  • Término de género/forma: Novelas

555 ## - TRAZADO DE VÉASE ADEMÁS--TÉRMINO GÉNERO/FORMA

  • Término de género/forma: Novelas policiacas

670 ## - FUENTE DE DATOS ENCONTRADOS

  • Cita de la fuente: LCGFT;
  • Información encontrada: (Noir fiction)

670 ## - FUENTE DE DATOS ENCONTRADOS

  • Cita de la fuente: AAT;
  • Información encontrada: (Crime fiction)

670 ## - FUENTE DE DATOS ENCONTRADOS

  • Cita de la fuente: Estébanez Calderón, Demetrio. Diccionario de términos literarios, 1996;
  • Información encontrada: (Novela negra: Denominación que se aplica a un subgénero narrativo que surge en Norteamérica en los años 20, en el que sus autores tratan de reflejar el mundo del gansterismo y de la criminalidad organizada, producto de la violencia y de la sociedad capitalista de la época. Se diferencia de la novela policiaca en que el interés primordial no radica tanto en la resolución del enigma cuanto en la configuración de un cuadro de conflictos humanos y sociales)

670 ## - FUENTE DE DATOS ENCONTRADOS

  • Cita de la fuente: WWW RAMEAU, 4-11-2019;
  • Información encontrada: (Roman noir)

670 ## - FUENTE DE DATOS ENCONTRADOS

  • Cita de la fuente: WWW Embe, 23-6-2023;
  • Información encontrada: (Novelas negras)

680 ## - NOTA GENERAL PÚBLICA

  • Texto explicativo: Úsase para novelas sobre crímenes y su resolución caracterizadas menos por la propia investigación que por la violencia, la traición y los conflictos humanos

955 ## - CATALOGADOR - EDICIÓN

  • Nombre del catalogador: Julia Mas Vieira